书目信息 |
| 题名: |
科学学 管理学 人才学 未来学简明教程
|
|
| 作者: | ;"潜科学"武汉研究组 编 | |
| 分册: | ||
| 出版信息: | 北京 知识出版社 1981 |
|
| 页数: | 366页 | |
| 开本: | 20cm | |
| 丛书名: | ||
| 单 册: | ||
| 中图分类: | G301 | |
| 科图分类: | ||
| 主题词: | 科学研究--理论 | |
| 电子资源: | ||
| ISBN: | ||
| 000 | 00643nam0 2200193 450 | |
| 001 | 0634414718 | |
| 005 | 20060809144427.71 | |
| 010 | @dCNY1.48 | |
| 100 | @a20060809d1981 km y0chiy0120 ea | |
| 101 | 0 | @achi |
| 102 | @aCN@b110000 | |
| 200 | 1 | @a科学学 管理学 人才学 未来学简明教程@Ake xue xue guan li xue ren cai xue wei lai xue jian ming jiao cheng@f"潜科学"武汉研究组编@F"qian ke xue"wu han yan jiu zu bian |
| 210 | @a北京@c知识出版社@d1981 | |
| 215 | @a366页@d20cm | |
| 606 | 0 | @a科学研究@x理论 |
| 690 | @aG301@v3 | |
| 711 | 0 | @a"潜科学"武汉研究组@A"qian ke xue"wu han yan jiu zu@4编 |
| 801 | 0 | @aCN@bPFT@c20060809 |
| 905 | @a10447@dG301@e119 | |
| 科学学 管理学 人才学 未来学简明教程/"潜科学"武汉研究组编.-北京:知识出版社,1981 |
| 366页;20cm |
| ISBN :CNY1.48 |
| ● |
| 相关链接 |
|
|
|
|
正题名:科学学 管理学 人才学 未来学简明教程
索取号:G301/119
 
预约/预借
| 序号 | 登录号 | 条形码 | 馆藏地/架位号 | 状态 | 备注 |
| 1 | 0447787 | 204477878 | 密集书库/ [索取号:G301/119] | 在馆 | |
| 2 | 0450025 | 204500254 | 密集书库/ [索取号:G301/119] | 在馆 |